00857cam a22002411 4500001001300000003000400013005001700017008004100034010001700075025001900092035002000111040002300131042001200154050001700166110006900183245008400252260002300336300002300359500009800382650003900480740007900519999001700598sa 67006718 DLC20260227112410.0861126s1962 ii 000 0 eng  asa 67006718  aPL480:I-E-7909 a(OCoLC)14876461 aDLCcWaUdWaUdDLC apremarc00aHD4291b.A531 aIndia.bPlanning Commission.bProgramme Evaluation Organisation.10aPilot project[s] for the utilization of rural manpower (series I) case studies. a[New Delhi]c1962. axi, 212 p.c29 cm. aCover title: Case studies of pilot projects (series I) for the utilization of rural manpower. 0aPublic workszIndiavCase studies.0 aCase studies of pilot projects (series I) for the utilization of manpower. c76123d76123